000 01055cam a22003373a 4500
001 15265
003 PGUSA
005 20140828083328.0
008 050305s2005||||xxu|||||s|||||000 1 eng d
040 _aPGUSA
_beng
042 _adc
050 4 _aPS
100 1 _aDu Bois, W. E. B.
_q(William Edward Burghardt),
_d1868-1963
245 1 4 _aThe Quest of the Silver Fleece :
_bA Novel
_h[electronic resource] /
_cW. E. B. Du Bois
260 _bProject Gutenberg,
_c2005
506 _aPublic domain in the USA.
516 _aElectronic text
653 _aSwamps -- Fiction
653 _aAfrican American women -- Fiction
653 _aPower (Social sciences) -- Fiction
653 _aSocial classes -- Fiction
653 _aAfrican Americans -- Fiction
653 _aCotton trade -- Fiction
653 _aLove stories
653 _aRejection (Psychology) -- Fiction
653 _aPsychological fiction
653 _aRace -- Fiction
830 0 _aProject Gutenberg
_v15265
856 4 0 _uhttp://www.gutenberg.org/ebooks/15265
942 _cEB
999 _c244520
_d244520